MARC details
| 000 -CABECERA |
| campo de control de longitud fija |
00933nam a2200193 a 4500 |
| 001 - NÚMERO DE CONTROL |
| campo de control |
000041706 |
| 005 - FECHA Y HORA DE LA ÚLTIMA TRANSACCIÓN |
| campo de control |
20230519124859.0 |
| 008 - DATOS DE LONGITUD FIJA--INFORMACIÓN GENERAL |
| campo de control de longitud fija |
131016s1987 sp 000 0 spa d |
| 020 ## - NÚMERO INTERNACIONAL ESTÁNDAR DEL LIBRO |
| Número Internacional Estándar del Libro |
8400066839 |
| 040 ## - FUENTE DE LA CATALOGACIÓN |
| Centro catalogador/agencia de origen |
DO-SdBNP |
| Lengua de catalogación |
spa |
| Centro/agencia transcriptor |
BNPHU |
| 040 ## - FUENTE DE LA CATALOGACIÓN |
| Centro catalogador/agencia de origen |
DO-SdBNP |
| Lengua de catalogación |
spa |
| Centro/agencia transcriptor |
BNPHU |
| 111 2# - ENTRADA PRINCIPAL--NOMBRE DE CONGRESO/REUNIÓN |
| Nombre de congreso/reunión o jurisdicción como elemento de entrada |
International Meeting Geochemistry of the Earth Surface and Processes of Mineral Formation |
| Sede del congreso/Lugar de la reunión |
(Granada |
| Fecha del congreso/reunión |
1996 :16-22 marzo) |
| 9 (RLIN) |
68524 |
| 245 #0 - MENCIÓN DE TÍTULO |
| Título |
Geochemistry and mineral formation in the earth surface : |
| Resto del título |
proceedings of the International Meeting Geochemistry of the Earth Surface and Processes of Mineral Formation held in Granada (Spain), 16-22 March 1986 / |
| Mención de responsabilidad, etc. |
edited by R. Rodríguez-Clemente and Y. Tardy. |
| 260 ## - PUBLICACIÓN, DISTRIBUCIÓN, ETC. |
| Lugar de publicación, distribución, etc. |
Madrid : |
| Nombre del editor, distribuidor, etc. |
CSIC, |
| Fecha de publicación, distribución, etc. |
1987. |
| 300 ## - DESCRIPCIÓN FÍSICA |
| Extensión |
XVI, 893 p. : ; |
| Dimensiones |
25 cm. |
| 700 1# - PUNTO DE ACCESO ADICIONAL--NOMBRE DE PERSONA |
| Nombre de persona |
Tardy, Y. |
| Término indicativo de función/relación |
ed. |
| 9 (RLIN) |
68525 |
| 700 1# - PUNTO DE ACCESO ADICIONAL--NOMBRE DE PERSONA |
| Nombre de persona |
Rodríguez-Clemente, R., |
| Término indicativo de función/relación |
ed. |
| 9 (RLIN) |
68526 |
| 710 2# - PUNTO DE ACCESO ADICIONAL--NOMBRE DE ENTIDAD CORPORATIVA |
| Nombre de entidad corporativa o nombre de jurisdicción como elemento de entrada |
Consejo Superior de Investigaciones Científicas (España) |
| 9 (RLIN) |
15178 |